| 000 | 00599nam a2200193 i 4500 | ||
|---|---|---|---|
| 001 | 138159 | ||
| 003 | ES-MaACL | ||
| 005 | 20230906195521.0 | ||
| 007 | t| | ||
| 008 | 070214s1969 sp a |||| | spa d | ||
| 100 | 1 |
_aSánchez Rodríguez, Manuel. _9102893 |
|
| 245 | 1 | 0 |
_aTécnicas del Pert aplicadas a la construcción _b: tiempos [costes] / _cManuel Sánchez Rodríguez. |
| 250 | _a1ª ed. | ||
| 260 |
_aBarcelona : _bCeac, _c1969. |
||
| 300 |
_a229 p., [8] p. pleg. : _bil. ; _c25 cm. |
||
| 650 | 0 | 4 |
_aPERT. _915983 |
| 650 | 4 |
_aConstrucción- _xCostes. _9165734 |
|
| 852 |
_aES-MaACL _jC-41828 |
||
| 999 |
_c138159 _d138159 |
||